| 000 | 00846cam a22002653a 4500 | ||
|---|---|---|---|
| 001 | 1284 | ||
| 003 | PGUSA | ||
| 005 | 20140828082959.0 | ||
| 008 | 980401s1998||||xxu|||||s|||||000 1 eng d | ||
| 040 |
_aPGUSA _beng |
||
| 042 | _adc | ||
| 050 | 4 | _aPZ | |
| 100 | 1 | _aAppleton, Victor | |
| 245 | 1 | 0 |
_aTom Swift and His Air Scout; Or, Uncle Sam's Mastery of the Sky _h[electronic resource] / _cVictor Appleton |
| 260 |
_bProject Gutenberg, _c1998 |
||
| 506 | _aPublic domain in the USA. | ||
| 516 | _aElectronic text | ||
| 653 | _aSwift, Tom (Fictitious character) -- Juvenile fiction | ||
| 653 | _aAeronautics -- Juvenile fiction | ||
| 653 | _aAdventure and adventurers -- Juvenile fiction | ||
| 653 | _aAirships -- Juvenile fiction | ||
| 830 | 0 |
_aProject Gutenberg _v1284 |
|
| 856 | 4 | 0 | _uhttp://www.gutenberg.org/ebooks/1284 |
| 942 | _cEB | ||
| 999 |
_c230632 _d230632 |
||